{"text_format":"3","workbook":"xlsx","n_sheets":1,"sheets":["Worksheet"],"read":"whole","date_system":"1900"}

{"sheet":"Worksheet","index":0,"n_rows":68,"n_cols":18,"rows_kept":68}
["№","Код участника","Название ОУ","СНИЛС","Фамилия","Имя","Отчество","Пол","Дата рождения","Класс","Класс участия","Балл","Макс. балл","Статус","Призер МЭ прошлого года","Учитель","Место работы учителя","Предмет"]
[786370,"162052_18047403457_26","МБОУ  \"Русско-Акташская СОШ\"",18047403457,"Козина","Арина","Сергеевна","ж","21.02.2014",5,5,18,25,"призер",null,"Белоногова Ирина Анатольевна","МБОУ \"Русско-Акташская СОШ\"","Биология"]
[786371,"162052_18196516200_26","МБОУ  \"Русско-Акташская СОШ\"",18196516200,"Сафонов","Степан","Олегович","м","14.06.2014",5,5,20,25,"победитель",null,"Белоногова Ирина Анатольевна","МБОУ \"Русско-Акташская СОШ\"","Биология"]
[786372,"162052_18009969594_26","МБОУ  \"Русско-Акташская СОШ\"",18009969594,"Тулегенова","Валерия","Артуровна","ж","21.01.2014",5,5,19,25,"победитель",null,"Белоногова Ирина Анатольевна","МБОУ \"Русско-Акташская СОШ\"","Биология"]
[786373,"162052_18083318773_26","МБОУ  \"Русско-Акташская СОШ\"",18083318773,"Шеметова","Ксения","Эдуардовна","ж","22.03.2014",5,5,18,25,"призер",null,"Белоногова Ирина Анатольевна","МБОУ \"Русско-Акташская СОШ\"","Биология"]
[786374,"162052_18018413245_26","МБОУ  \"Русско-Акташская СОШ\"",18018413245,"Тютюгина","Ксения","Евгеньевна","ж","06.02.2014",5,5,20,25,"победитель",null,"Белоногова Ирина Анатольевна","МБОУ \"Русско-Акташская СОШ\"","Биология"]
[786375,"162052_18393274907_26","МБОУ  \"Русско-Акташская СОШ\"",18393274907,"Аблятифов","Ильяс","Дмитриевич","м","26.08.2014",5,5,21,25,"победитель",null,"Белоногова Ирина Анатольевна","МБОУ \"Русско-Акташская СОШ\"","Биология"]
[786376,"162052_18664622407_26","МБОУ  \"Русско-Акташская СОШ\"",18664622407,"Шульженко","Алексей","Алексеевич","м","15.12.2014",5,5,22,25,"победитель",null,"Белоногова Ирина Анатольевна","МБОУ \"Русско-Акташская СОШ\"","Биология"]
[786377,"162052_18425838600_26","МБОУ  \"Русско-Акташская СОШ\"",18425838600,"Конычева","Вера","Дмитриевна","ж","01.09.2014",5,5,20,25,"победитель",null,"Белоногова Ирина Анатольевна","МБОУ \"Русско-Акташская СОШ\"","Биология"]
[786399,"162052_18065708279_26","МБОУ  \"Русско-Акташская СОШ\"",18065708279,"Корнилов","Антон","Александрович","м","11.03.2014",5,5,15,25,"призер",null,"Багаутдинова Лена Васильевна","МБОУ \"Русско-Акташская СОШ\"","Биология"]
[786400,"162052_18393276406_26","МБОУ  \"Русско-Акташская СОШ\"",18393276406,"Гришин","Артём","Максимович","м","08.08.2014",5,5,14,25,"призер",null,"Багаутдинова Лена Васильевна","МБОУ \"Русско-Акташская СОШ\"","Биология"]
[786401,"162052_18637439716_26","МБОУ  \"Русско-Акташская СОШ\"",18637439716,"Бабакулов","Радмир","Ринатович","м","02.12.2014",5,5,14,25,"призер",null,"Багаутдинова Лена Васильевна","МБОУ \"Русско-Акташская СОШ\"","Биология"]
[786402,"162052_18282688613_26","МБОУ  \"Русско-Акташская СОШ\"",18282688613,"Пищаев","Константин","Олегович","м","19.07.2014",5,5,9,25,"участник",null,"Багаутдинова Лена Васильевна","МБОУ \"Русско-Акташская СОШ\"","Биология"]
[786403,"162052_18511052138_26","МБОУ  \"Русско-Акташская СОШ\"",18511052138,"Кузьмин","Денис","Дмитриевич","м","11.10.2014",5,5,9,25,"участник",null,"Багаутдинова Лена Васильевна","МБОУ \"Русско-Акташская СОШ\"","Биология"]
[786404,"162052_18120420013_26","МБОУ  \"Русско-Акташская СОШ\"",18120420013,"Волкова","Арина","Александровна","ж","23.04.2014",5,5,16,25,"призер",null,"Багаутдинова Лена Васильевна","МБОУ \"Русско-Акташская СОШ\"","Биология"]
[786405,"162052_21938596812_26","МБОУ  \"Русско-Акташская СОШ\"",21938596812,"Кильдянкина","Луиза","Денисовна","ж","24.03.2014",5,5,19,25,"победитель",null,"Багаутдинова Лена Васильевна","МБОУ \"Русско-Акташская СОШ\"","Биология"]
[786378,"162052_17618862005_26","МБОУ  \"Русско-Акташская СОШ\"",17618862005,"Балантаев","Артем","Евгеньевич","м","02.04.2013",6,6,15,25,"призер",null,"Багаутдинова Лена Васильевна","МБОУ \"Русско-Акташская СОШ\"","Биология"]
[786379,"162052_18027708164_26","МБОУ  \"Русско-Акташская СОШ\"",18027708164,"Шутенко","Ульяна","Алексеевна","ж","24.01.2014",6,6,18,25,"призер",null,"Багаутдинова Лена Васильевна","МБОУ \"Русско-Акташская СОШ\"","Биология"]
[786380,"162052_17962478934_26","МБОУ  \"Русско-Акташская СОШ\"",17962478934,"Путяшов","Никита","Эдуардович","м","03.01.2014",6,6,15,25,"призер",null,"Багаутдинова Лена Васильевна","МБОУ \"Русско-Акташская СОШ\"","Биология"]
[786381,"162052_17694101490_26","МБОУ  \"Русско-Акташская СОШ\"",17694101490,"Сафонов","Павел","Олегович","м","04.06.2013",6,6,21,25,"победитель",null,"Багаутдинова Лена Васильевна","МБОУ \"Русско-Акташская СОШ\"","Биология"]
[786382,"162052_17831793407_26","МБОУ  \"Русско-Акташская СОШ\"",17831793407,"Умарова","Лола","Рустамовна","ж","06.09.2013",6,6,8,25,"участник",null,"Багаутдинова Лена Васильевна","МБОУ \"Русско-Акташская СОШ\"","Биология"]
[786383,"162052_17758544325_26","МБОУ  \"Русско-Акташская СОШ\"",17758544325,"Кузьмина","Ангелина","Дмитриевна","ж","01.07.2013",6,6,9,25,"участник",null,"Багаутдинова Лена Васильевна","МБОУ \"Русско-Акташская СОШ\"","Биология"]
[786384,"162052_17694095218_26","МБОУ  \"Русско-Акташская СОШ\"",17694095218,"Бадамшина","Анастасия","Айратовна","ж","16.05.2013",6,6,10,25,"участник",null,"Багаутдинова Лена Васильевна","МБОУ \"Русско-Акташская СОШ\"","Биология"]
[786385,"162052_17618865617_26","МБОУ  \"Русско-Акташская СОШ\"",17618865617,"Синютина","Анастасия","Александровна","ж","27.03.2013",6,6,13,25,"призер",null,"Багаутдинова Лена Васильевна","МБОУ \"Русско-Акташская СОШ\"","Биология"]
[786386,"162052_17664269106_26","МБОУ  \"Русско-Акташская СОШ\"",17664269106,"Кулешова","Ульяна","Игоревна","ж","25.04.2013",6,6,14,25,"призер",null,"Багаутдинова Лена Васильевна","МБОУ \"Русско-Акташская СОШ\"","Биология"]
[786387,"162052_17790505602_26","МБОУ  \"Русско-Акташская СОШ\"",17790505602,"Сафин","Рузаль","Рамисович","м","22.07.2013",6,6,23,25,"победитель",null,"Багаутдинова Лена Васильевна","МБОУ \"Русско-Акташская СОШ\"","Биология"]
[786388,"162052_17783396733_26","МБОУ  \"Русско-Акташская СОШ\"",17783396733,"Красильников","Артемий","Владимирович","м","26.07.2013",6,6,25,25,"победитель",null,"Багаутдинова Лена Васильевна","МБОУ \"Русско-Акташская СОШ\"","Биология"]
[786389,"162052_18028139459_26","МБОУ  \"Русско-Акташская СОШ\"",18028139459,"Заинчковская","Наталья","Евгеньевна","ж","10.02.2014",6,6,17,25,"призер",null,"Багаутдинова Лена Васильевна","МБОУ \"Русско-Акташская СОШ\"","Биология"]
[786390,"162052_17562171678_26","МБОУ  \"Русско-Акташская СОШ\"",17562171678,"Фомичев","Дмитрий","Сергеевич","м","19.01.2013",6,6,13,25,"призер",null,"Багаутдинова Лена Васильевна","МБОУ \"Русско-Акташская СОШ\"","Биология"]
[786391,"162052_17576872936_26","МБОУ  \"Русско-Акташская СОШ\"",17576872936,"Ашлаев","Артём","Евгеньевич","м","17.02.2013",6,6,14,25,"призер",null,"Багаутдинова Лена Васильевна","МБОУ \"Русско-Акташская СОШ\"","Биология"]
[786392,"162052_17917483013_26","МБОУ  \"Русско-Акташская СОШ\"",17917483013,"Маврин","Никита","Игоревич","м","05.11.2013",6,6,12,25,"участник",null,"Багаутдинова Лена Васильевна","МБОУ \"Русско-Акташская СОШ\"","Биология"]
[786393,"162052_17652903088_26","МБОУ  \"Русско-Акташская СОШ\"",17652903088,"Атоева","Аиша","Полводжановна","ж","13.04.2013",6,6,13,25,"призер",null,"Багаутдинова Лена Васильевна","МБОУ \"Русско-Акташская СОШ\"","Биология"]
[786394,"162052_17895725850_26","МБОУ  \"Русско-Акташская СОШ\"",17895725850,"Белоногова","Полина","Денисовна","ж","31.10.2013",6,6,19,25,"победитель",null,"Багаутдинова Лена Васильевна","МБОУ \"Русско-Акташская СОШ\"","Биология"]
[786395,"162052_17783399436_26","МБОУ  \"Русско-Акташская СОШ\"",17783399436,"Красильникова","Алёна","Владимировна","ж","26.07.2013",6,6,21,25,"победитель",null,"Багаутдинова Лена Васильевна","МБОУ \"Русско-Акташская СОШ\"","Биология"]
[786396,"162052_17818801706_26","МБОУ  \"Русско-Акташская СОШ\"",17818801706,"Сабаева","Лана","Олеговна","ж","16.08.2013",6,6,21,25,"победитель",null,"Багаутдинова Лена Васильевна","МБОУ \"Русско-Акташская СОШ\"","Биология"]
[786397,"162052_17618861811_26","МБОУ  \"Русско-Акташская СОШ\"",17618861811,"Князь","Аристарх","Олегович","м","27.03.2013",6,6,14,25,"призер",null,"Багаутдинова Лена Васильевна","МБОУ \"Русско-Акташская СОШ\"","Биология"]
[786398,"162052_17719129092_26","МБОУ  \"Русско-Акташская СОШ\"",17719129092,"Изотова","София","Александровна","ж","18.06.2013",6,6,17,25,"призер",null,"Багаутдинова Лена Васильевна","МБОУ \"Русско-Акташская СОШ\"","Биология"]
[786406,"162052_17739628930_26","МБОУ  \"Русско-Акташская СОШ\"",17739628930,"Иванова","Милена","Витальевна","ж","08.07.2013",6,6,21,25,"победитель",null,"Багаутдинова Лена Васильевна","МБОУ \"Русско-Акташская СОШ\"","Биология"]
[786407,"162052_19096088912_26","МБОУ  \"Русско-Акташская СОШ\"",19096088912,"Кузьмин","Камиль","Ильдарович","м","19.10.2011",6,6,20,25,"победитель",null,"Багаутдинова Лена Васильевна","МБОУ \"Русско-Акташская СОШ\"","Биология"]
[786408,"162052_17525298087_26","МБОУ  \"Русско-Акташская СОШ\"",17525298087,"Бортнов","Ярослав","Русланович","м","25.12.2012",6,6,20,25,"победитель",null,"Багаутдинова Лена Васильевна","МБОУ \"Русско-Акташская СОШ\"","Биология"]
[786409,"162052_17758544022_26","МБОУ  \"Русско-Акташская СОШ\"",17758544022,"Осипова","Виктория","Евгеньевна","ж","19.07.2013",6,6,19,25,"победитель",null,"Багаутдинова Лена Васильевна","МБОУ \"Русско-Акташская СОШ\"","Биология"]
[786410,"162052_17755109090_26","МБОУ  \"Русско-Акташская СОШ\"",17755109090,"Кодирова","Диляра","Джамшедовна","ж","18.05.2013",6,6,18,25,"призер",null,"Багаутдинова Лена Васильевна","МБОУ \"Русско-Акташская СОШ\"","Биология"]
[786411,"162052_17528478306_26","МБОУ  \"Русско-Акташская СОШ\"",17528478306,"Васенькин","Александр","Александрович","м","15.12.2012",6,6,15,25,"призер",null,"Багаутдинова Лена Васильевна","МБОУ \"Русско-Акташская СОШ\"","Биология"]
[786347,"162052_17500697872_26","МБОУ  \"Русско-Акташская СОШ\"",17500697872,"Васильченко","Полина","Александровна","ж","08.01.2013",7,7,18,30,"призер",null,"Белоногова Ирина Анатольевна","МБОУ \"Русско-Акташская СОШ\"","Биология"]
[786348,"162052_17061506845_26","МБОУ  \"Русско-Акташская СОШ\"",17061506845,"Петряев","Егор","Павлович","м","22.02.2012",7,7,20,30,"призер",null,"Белоногова Ирина Анатольевна","МБОУ \"Русско-Акташская СОШ\"","Биология"]
[786351,"162052_17298526514_26","МБОУ  \"Русско-Акташская СОШ\"",17298526514,"Бардин","Владислав","Петрович","м","18.07.2012",7,7,19,30,"призер",null,"Белоногова Ирина Анатольевна","МБОУ \"Русско-Акташская СОШ\"","Биология"]
[786352,"162052_17079110866_26","МБОУ  \"Русско-Акташская СОШ\"",17079110866,"Аннин","Михаил","Дмитриевич","м","01.03.2012",7,7,17,30,"призер",null,"Белоногова Ирина Анатольевна","МБОУ \"Русско-Акташская СОШ\"","Биология"]
[786353,"162052_17119487581_26","МБОУ  \"Русско-Акташская СОШ\"",17119487581,"Мазильников","Артём","Максимович","м","16.03.2012",7,7,19,30,"призер",null,"Белоногова Ирина Анатольевна","МБОУ \"Русско-Акташская СОШ\"","Биология"]
[786354,"162052_18431285267_26","МБОУ  \"Русско-Акташская СОШ\"",18431285267,"Малевский","Артем","Анатольевич","м","30.12.2012",7,7,17,30,"призер",null,"Белоногова Ирина Анатольевна","МБОУ \"Русско-Акташская СОШ\"","Биология"]
[786355,"162052_17144174755_26","МБОУ  \"Русско-Акташская СОШ\"",17144174755,"Тютюгина","Елена","Евгеньевна","ж","02.03.2012",7,7,16,30,"призер",null,"Белоногова Ирина Анатольевна","МБОУ \"Русско-Акташская СОШ\"","Биология"]
[786356,"162052_17181667181_26","МБОУ  \"Русско-Акташская СОШ\"",17181667181,"Калачева","Кира","Андреевна","ж","15.04.2012",7,7,18,30,"призер",null,"Белоногова Ирина Анатольевна","МБОУ \"Русско-Акташская СОШ\"","Биология"]
[786357,"162052_16909438711_26","МБОУ  \"Русско-Акташская СОШ\"",16909438711,"Катеев","Айнур","Азатович","м","12.11.2011",7,7,20,30,"призер",null,"Белоногова Ирина Анатольевна","МБОУ \"Русско-Акташская СОШ\"","Биология"]
[786358,"162052_17314826162_26","МБОУ  \"Русско-Акташская СОШ\"",17314826162,"Анастасьева","Ульяна","Валерьевна","ж","07.07.2012",7,7,22,30,"призер",null,"Белоногова Ирина Анатольевна","МБОУ \"Русско-Акташская СОШ\"","Биология"]
[786359,"162052_17516884907_26","МБОУ  \"Русско-Акташская СОШ\"",17516884907,"Векентьев","Александр","Павлович","м","26.12.2012",7,7,22,30,"призер",null,"Белоногова Ирина Анатольевна","МБОУ \"Русско-Акташская СОШ\"","Биология"]
[786360,"162052_17016880460_26","МБОУ  \"Русско-Акташская СОШ\"",17016880460,"Куприянова","Елизавета","Вячеславовна","ж","20.01.2012",7,7,22,30,"призер",null,"Белоногова Ирина Анатольевна","МБОУ \"Русско-Акташская СОШ\"","Биология"]
[786362,"162052_17040550730_26","МБОУ  \"Русско-Акташская СОШ\"",17040550730,"Ефремов","Арсений","Александрович","м","22.01.2012",8,8,18,33,"призер",null,"Белоногова Ирина Анатольевна","МБОУ \"Русско-Акташская СОШ\"","Биология"]
[786363,"162052_16767229007_26","МБОУ  \"Русско-Акташская СОШ\"",16767229007,"Евдокимов","Артём","Александрович","м","22.07.2011",8,8,16,33,"участник",null,"Белоногова Ирина Анатольевна","МБОУ \"Русско-Акташская СОШ\"","Биология"]
[786364,"162052_16628949419_26","МБОУ  \"Русско-Акташская СОШ\"",16628949419,"Суворов","Николай","Александрович","м","19.05.2011",8,8,16,33,"участник",null,"Белоногова Ирина Анатольевна","МБОУ \"Русско-Акташская СОШ\"","Биология"]
[786368,"162052_16518314969_26","МБОУ  \"Русско-Акташская СОШ\"",16518314969,"Лазарев","Егор","Романович","м","29.03.2011",8,8,12,33,"участник",null,"Белоногова Ирина Анатольевна","МБОУ \"Русско-Акташская СОШ\"","Биология"]
[786369,"162052_16548675009_26","МБОУ  \"Русско-Акташская СОШ\"",16548675009,"Котенков","Тимофей","Александрович","м","08.04.2011",8,8,11,33,"участник",null,"Белоногова Ирина Анатольевна","МБОУ \"Русско-Акташская СОШ\"","Биология"]
[786345,"162052_17038276972_26","МБОУ  \"Русско-Акташская СОШ\"",17038276972,"Башаров","Сулейман","Ильфакович","м","27.06.2010",9,9,31,56,"призер","Да","Белоногова Ирина Анатольевна","МБОУ \"Русско-Акташская СОШ\"","Биология"]
[786346,"162052_17038277469_26","МБОУ  \"Русско-Акташская СОШ\"",17038277469,"Габдракипов","Руслан","Рафаэлевич","м","27.04.2010",9,9,30,56,"призер",null,"Белоногова Ирина Анатольевна","МБОУ \"Русско-Акташская СОШ\"","Биология"]
[786349,"162052_17038277065_26","МБОУ  \"Русско-Акташская СОШ\"",17038277065,"Белоногова","Александра","Алексеевна","ж","08.03.2010",9,9,31,56,"призер",null,"Белоногова Ирина Анатольевна","МБОУ \"Русско-Акташская СОШ\"","Биология"]
[786350,"162052_17038279473_26","МБОУ  \"Русско-Акташская СОШ\"",17038279473,"Хасанова","Зарина","Ринатовна","ж","01.02.2010",9,9,29,56,"призер",null,"Белоногова Ирина Анатольевна","МБОУ \"Русско-Акташская СОШ\"","Биология"]
[786366,"162052_17478316909_26","МБОУ  \"Русско-Акташская СОШ\"",17478316909,"Звонарева","Яна","Константиновна","ж","23.01.2010",9,9,41,56,"призер","Да","Багаутдинова Лена Васильевна","МБОУ \"Русско-Акташская СОШ\"","Биология"]
[786367,"162052_17038279675_26","МБОУ  \"Русско-Акташская СОШ\"",17038279675,"Шостак","Алина","Ренатовна","ж","14.04.2010",9,9,33,56,"призер",null,"Багаутдинова Лена Васильевна","МБОУ \"Русско-Акташская СОШ\"","Биология"]
[786361,"162052_17196229794_26","МБОУ  \"Русско-Акташская СОШ\"",17196229794,"Хайбуллин","Риналь","Ильдарович","м","16.08.2009",10,10,24,63,"участник",null,"Белоногова Ирина Анатольевна","МБОУ \"Русско-Акташская СОШ\"","Биология"]
[786365,"162052_17030651629_26","МБОУ  \"Русско-Акташская СОШ\"",17030651629,"Шарифуллина","Алина","Ринатовна","ж","11.09.2009",10,10,22,63,"участник",null,"Белоногова Ирина Анатольевна","МБОУ \"Русско-Акташская СОШ\"","Биология"]